El factor humano. El doctor Fischer de Ginebra. Monseñor Quijote /

Guardado en:
Autor Principal: Greene, Graham.
Otros Autores: Méndez, Iris; trad., Sordo, Enrique; trad., Samons, Antonio; trad., Zulaika, Jaime; trad.
Formato: Libro
Idioma:Undetermined
Publicado: Barcelona : Seix Barral, 1986.
Series:Summa literaria ; 33
Materias:
Etiquetas: Agregar Etiqueta
Sin Etiquetas, Sea el primero en etiquetar este registro!
LEADER 00717nam a22002175a 4500
001 CEM.cems024616
008 250521s1986####sp############000#0#und#d
005 20250521190642.0
245 1 0 |a El factor humano. El doctor Fischer de Ginebra. Monseñor Quijote /  |c Graham Greene. 
260 |a Barcelona :  |b Seix Barral,  |c 1986. 
300 |a 625 p. 
490 1 |a Summa literaria ;  |v 33 
020 |a 8432224332 
100 1 |a Greene, Graham. 
700 1 |a Méndez, Iris; trad. 
700 1 |a Sordo, Enrique; trad. 
700 1 |a Samons, Antonio; trad. 
700 1 |a Zulaika, Jaime; trad. 
653 |a Literatura estadounidense 
653 |a Narrativa estadounidense 
859 |a CEMS  |b BIB. CEMS - 11 de abril  |h 823.9  |i G821-11  |p 29864.25  |t Ej.1